Krajinka rovných a rovnejších? Slovensko a korupcia

Bibliographic Details
Main Authors: Zemanovičová, Daniela, 1953- (Author), Sičáková-Beblavá, Emília, 1975- (Author)
Format: Book
Language:Slovak
PhysicalDescription:207 strán grafy, ilustrácie, tabuľky 22 cm
Published: Bratislava Kalligram 2003
ISBN:8071495638
Edition:1. vyd.
Subjects:

MARC

LEADER 00000cam a2200000 a 4500
001 vtls001457034
003 SK-MaSNL
005 20260425231204.0
008 240226s2003 xo da frn 000 0 slo
015 |a SNBA2004/03-02446 
020 |a 8071495638  |q (viazané) 
035 |a SNK000412341 
035 |a urn:nbn:sk:snk-am3j1ap 
035 |a 86B072D3-2ADF-4A6E-9737-4C87FEFD6A1E 
035 |a urn:nbn:sk:snk-am00gfb5 
040 |a SNK  |b slo  |c SNK  |e AACR2 
041 0 |a slo 
043 |a e-xo--- 
044 |a xo  |c SK 
072 7 |a 343  |x Trestné právo  |2 konspekt 
080 |a 328.35  |2 1997 
080 |a 343.851  |2 1997 
080 |a 343.35  |2 2001 
080 |a 343.851:343.35  |2 2011 
080 |a (437.6)  |2 2011 
080 |a (048.8)  |2 2011 
100 1 |a Zemanovičová, Daniela,  |d 1953-  |4 aut  |9 110402 
245 1 0 |a Krajinka rovných a rovnejších?  |b Slovensko a korupcia  |c Daniela Zemanovičová, Emília Beblavá 
250 |a 1. vyd. 
260 |a Bratislava  |b Kalligram  |c 2003 
300 |a 207 strán  |b grafy, ilustrácie, tabuľky  |c 22 cm 
504 |a Bibliografia na strane 197-202 ; obsahuje bibliografické odkazy 
650 0 7 |a korupcia  |2 SNKPH  |9 1699 
650 0 7 |a boj proti korupcii  |2 SNKPH  |9 1700 
651 7 |a Slovensko  |2 SNKPHgeo  |9 14231 
655 7 |a monografie  |2 SNKPH  |9 70139 
700 1 |a Sičáková-Beblavá, Emília,  |d 1975-  |4 aut  |9 223301 
919 |a 80-7149-563-8 
958 |a TL 
958 |a NB 
958 |a OND 
999 |c 697270  |d 699200 
952 |t P60, <04>, [BOOK], {604}  |a SNK  |b SNK  |y VYP  |7 0  |p 17A0391555  |o snkSC 112337 D1  |i snkKSP 8840/2003  |0 0  |1 0  |4 0  |d 2003-07-23  |l 0  |r 2005-01-02 00:00:00  |w 2026-02-23 
952 |t P60, <03>, [BOOK], {603}  |a SNK  |b SNK  |y PREZ  |7 0  |p 17A0391554  |o snkSC 112337  |i snkKSP 8839/2003  |0 0  |1 0  |4 0  |d 2003-07-23  |f 1  |l 0  |r 2025-10-02 00:00:00  |w 2026-02-23